| 000 | 00703nas a22002177a 4500 | ||
|---|---|---|---|
| 005 | 20260527103722.0 | ||
| 008 | 260526b20092010porz||p| |||| 00| z por d | ||
| 040 | _cBR-ViAPE | ||
| 245 | _aGuia de Serviços | ||
| 260 |
_aVitória _bA Gazeta _c2009-2010 |
||
| 300 |
_av. _bil. |
||
| 310 | _aIrregular | ||
| 362 | _a2009-2010 | ||
| 500 | _aDisponibilizada apenas a imagem da capa na versão digital, em virtude de restrições de direitos autorais. | ||
| 500 | _aColeção incompleta: disponíveis apenas alguns números do periódico. | ||
| 650 |
_aAtividades _xServiços _xProdutos |
||
| 651 |
_aEspírito Santo (Brasil) _vPeriódicos |
||
| 710 | _aA Gazeta | ||
| 942 |
_2ddc _cPER _n1 |
||
| 999 |
_c713 _d713 |
||